000 00649nam a2200181 i 4500
001 157381
003 ES-MaACL
005 20230906210653.0
008 040806s1887 xxk |||| | eng d
040 _aCAM
_bspa
_cCAM
100 1 _aLeadam, J.S.
_9128798
245 1 0 _aWhat protection does for the farmer and labourer
_b: a chapter of agricultural history /
_cby J.S. Leadam.
250 _a3th ed. rev.
260 _aLondon [etc.] :
_bCassell & Company,
_c[s.a.]
300 _a111 p. ;
_c18 cm.
596 _aWWW BLPC, lo fecha en 1887.
852 _aES-MaACL
_jT-1301-F-4
_z-- Enc. hol., falto de la cub. original
_z-- Enc. en un vol. facticio
999 _c157381
_d157381